MARC

LEADER 00000nam0a2200000 4500
001 334912
005 20231102004712.0
035 |a (RuTPU)RU\TPU\book\361214 
090 |a 334912 
100 |a 20170908d1977 m y0rusy50 ca 
101 1 |a rus  |c pol 
102 |a RU 
105 |a a z 001zy 
200 1 |a Радиоэлектронные игрушки (электроника дома, на работе, в школе)  |e пер. с пол.  |f Я. Войцеховский 
210 |a Москва  |c Советское радио  |d 1977 
215 |a 608 с.  |c ил. 
320 |a Библиогр.: с. 600-602 
606 |a Радиоэлектроника  |2 stltpush  |3 (RuTPU)RU\TPU\subj\69507  |9 84342 
610 1 |a радиоэлементы 
610 1 |a взаимозависимость 
610 1 |a устройства 
610 1 |a магнитофоны 
610 1 |a источники электроэнергии 
610 1 |a электроника 
610 1 |a игрушки 
610 1 |a развлечения 
610 1 |a электронные приборы 
610 1 |a кибернетика 
610 1 |a роботы 
610 1 |a бионика 
610 1 |a школа 
610 1 |a обучающие устройства 
610 1 |a спорт 
610 1 |a любительские средства связи 
675 |a 621.37/.39  |v 4 
700 1 |a Войцеховский  |b Я.  |g Януш 
801 1 |a RU  |b 63413507  |c 20170908 
801 2 |a RU  |b 63413507  |c 20170925  |g RCR 
942 |c BK